000
00257nam a2200109Ia 4500
008
231212s1976 xx 000 0 und d
041
_a
eng
082
_a
491.46
100
_a
Mundke
245
_a
Elements of Mechanical Tech.
260
_a
Pune
_b
Dwara S
_c
1976
999
_c
957705
_d
957705